Volatility and growth in Latin America (Record no. 68633)
[ view plain ]
| 000 -LEADER | |
|---|---|
| fixed length control field | 01489nam a2200361 a 4500 |
| 100 1# - MAIN ENTRY--AUTHOR NAME | |
| Personal name | Sahay, Ratna. |
| 245 10 - TITLE STATEMENT | |
| Title | Volatility and growth in Latin America |
| 260 ## - PUBLICATION, DISTRIBUTION, ETC. (IMPRINT) | |
| Place of publication | Washington, D.C. : |
| Name of publisher | International Monetary Fund, |
| Year of publication | 2006. |
| 300 ## - PHYSICAL DESCRIPTION | |
| Number of Pages | 52 p. : |
| Other physical details | ill. |
| 490 1# - SERIES STATEMENT | |
| Series statement | IMF working paper ; |
| 500 ## - GENERAL NOTE | |
| General note | "December 2006." |
| 650 #0 - SUBJECT ADDED ENTRY--TOPICAL TERM | |
| Topical Term | Business cycles |
| 700 1# - ADDED ENTRY--PERSONAL NAME | |
| Personal name | Goyal, Rishi. |
| 856 40 - ELECTRONIC LOCATION AND ACCESS | |
| Uniform Resource Identifier | http://site.ebrary.com/lib/rucke/Doc?id=10302961 |
No items available.
